Kabupaten in Nusa Tenggara Timur - Statistics

General Stats
  • This quiz has been taken 40 times
  • The average score is 18 of 22
Answer Stats
Answer % Correct
Ende
93%
Kota Kupang
93%
Alor
89%
Belu
89%
Kupang
89%
Manggarai
89%
Flores Timur
86%
Sumba Barat
86%
Sumba Timur
86%
Timor Tengah Selatan
86%
Timor Tengah Utara
86%
Manggarai Barat
82%
Manggarai Timur
82%
Sumba Tengah
82%
Sumba Barat Daya
79%
Rote Ndao
75%
Malaka
71%
Sikka
71%
Lembata
64%
Nagekeo
64%
Ngada
64%
Sabu Raijua
61%
No matching quizzes found
Score Distribution
Percent of People with Each Score
Percentile by Number Answered
Your Score History
You have not taken this quiz